Hazardous chemicals handbook /

Guardado en:
Autor Principal: Carson, P. A. 1944-
Otros Autores: Mumford, C. J.
Formato: Libro
Idioma:English
Publicado: Oxford : Butterworth-Heinemann, 1994.
Materias:
Acceso en línea:Descripción
Tabla de contenido
Etiquetas: Agregar Etiqueta
Sin Etiquetas, Sea el primero en etiquetar este registro!
LEADER 00961pam a22002415a 4500
001 EIQ.libpla002963
008 930323s1994####enka#####bf###001#0#eng#d
005 20070925185229.0
245 1 0 |a Hazardous chemicals handbook /  |c P.A. Carson and C.J. Mumford. 
260 |a Oxford :  |b Butterworth-Heinemann,  |c 1994. 
300 |a x, 378 p. :  |b il. ;  |c 25 cm. 
504 |a incluye referencias bibliográficas (p. [365]-373) e índice. 
020 |a 0750602783 
100 1 |a Carson, P. A.  |q (Phillip A.),  |d 1944- 
700 1 |a Mumford, C. J. 
082 0 0 |a 604.7  |2 20 
650 4 |a Substancias peligrosas  |x Handbooks, manuales, etc. 
650 0 |a Hazardous substances  |x Handbooks, manuals, etc. 
010 |a  93007795  
040 |a DLC  |c DLC  |d AR-BbSID 
856 4 2 |3 Descripción  |u http://www.loc.gov/catdir/description/els032/93007795.html 
856 4 1 |3 Tabla de contenido  |u http://www.loc.gov/catdir/toc/els032/93007795.html 
859 |a AR-BbSID  |b BIB. PLAPIQUI  |h 660.280 4  |i C 239  |p 5279